[Event "Alekhine"]
[Site "Charlesbourg CAN"]
[Date "2003.09.08"]
[Round "2"]
[White "Turcot, Jean"]
[Black "Sauve, Richard"]
[Result "0-1"]
[WhiteElo "1523"]
[BlackElo "1907"]
[PlyCount "86"]
[EventDate "2003.09.01"]
[EventType "swiss"]
[EventRounds "5"]
[EventCountry "CAN"]

1. e4 e6 2. d4 d5 3. Nc3 Nf6 4. e5 Nfd7 5. Nce2 c5 6. c3 Nc6 7. f4 Qb6 8. Nf3
cxd4 9. Nexd4 Bc5 10. Be2 O-O 11. O-O Re8 12. Kh1 Nf8 13. Qd3 Bd7 14. Rd1 Rac8
15. Qb1 a6 16. b4 Bxd4 17. cxd4 Qxb4 18. a3 Qxb1 19. Rxb1 b5 20. Bb2 Ng6 21. g3
Nge7 22. g4 Na5 23. Ne1 Nc4 24. Nd3 Rc7 25. Nc5 Bc8 26. Rd3 Ng6 27. Bc1 Nf8 28.
Bd2 Nd7 29. Nxd7 Bxd7 30. Bb4 Rec8 31. Bc5 g5 32. Rf1 gxf4 33. Rxf4 Nxe5 34.
dxe5 Rxc5 35. Rdf3 d4 36. Kg1 Bc6 37. Rf2 Rxe5 38. Bd3 Re1+ 39. Rf1 Rxf1+ 40.
Rxf1 e5 41. Re1 e4 42. Bxe4 Re8 43. Bxh7+ Kxh7 0-1

[Event "Alekhine"]
[Site "Charlesbourg CAN"]
[Date "2003.09.15"]
[Round "3"]
[White "Beaudoin, Stephane"]
[Black "Laflamme, Simon"]
[Result "1-0"]
[WhiteElo "2016"]
[BlackElo "1882"]
[PlyCount "75"]
[EventDate "2003.09.01"]
[EventType "swiss"]
[EventRounds "5"]
[EventCountry "CAN"]

1. e4 c5 2. Nf3 Nc6 3. d4 cxd4 4. Nxd4 e5 5. Nxc6 bxc6 6. Bd3 Nf6 7. O-O Be7 8.
Nd2 d6 9. Nc4 Be6 10. f4 Bxc4 11. Bxc4 Qb6+ 12. Kh1 Nxe4 13. Qe2 d5 14. Bd3 f5
15. Bxe4 dxe4 16. fxe5 O-O 17. Be3 Qc7 18. Qc4+ Kh8 19. Qe6 Rae8 20. Rxf5 Bf6
21. Qd6 Qxd6 22. exd6 Bxb2 23. Rxf8+ Rxf8 24. Rd1 Bf6 25. Bxa7 Bd8 26. Kg1 Rf5
27. Re1 Re5 28. Kf2 Re6 29. Bc5 Re5 30. Be3 Re6 31. Rb1 Re8 32. Ke2 Bf6 33. d7
Ra8 34. Rb6 Kg8 35. Rxc6 Rd8 36. Rd6 Ra8 37. Rxf6 gxf6 38. Bb6 1-0

[Event "Alekhine"]
[Site "Charlesbourg CAN"]
[Date "2003.09.15"]
[Round "3"]
[White "Caire, Francois"]
[Black "Lessard, Claude"]
[Result "1-0"]
[WhiteElo "2101"]
[BlackElo "1878"]
[PlyCount "65"]
[EventDate "2003.09.01"]
[EventType "swiss"]
[EventRounds "5"]
[EventCountry "CAN"]

1. d4 d5 2. Nf3 Nf6 3. c4 e6 4. g3 c6 5. Qc2 Be7 6. Bg2 O-O 7. O-O Ne4 8. Nbd2
f5 9. b3 Nd7 10. Bb2 Qe8 11. Ne1 Qh5 12. Ndf3 f4 13. Nd3 fxg3 14. fxg3 Bd6 15.
Nfe5 Ndf6 16. a4 g5 17. Ba3 Bxa3 18. Rxa3 b6 19. a5 bxa5 20. Rxa5 Nd6 21. Nc5
Nf5 22. Qd3 dxc4 23. bxc4 Rb8 24. Nxc6 Rb2 25. Qf3 g4 26. Qd3 Qg5 27. Nxa7 Rd2
28. Ne4 Nxe4 29. Qxe4 Bd7 30. Nb5 Rc8 31. Nd6 Rd8 32. Nxf5 exf5 33. Qd5+ 1-0

[Event "Alekhine"]
[Site "Charlesbourg CAN"]
[Date "2003.09.15"]
[Round "3"]
[White "Lapierre, Gaetan"]
[Black "Champetier, Serge"]
[Result "1-0"]
[WhiteElo "1855"]
[BlackElo "2014"]
[PlyCount "49"]
[EventDate "2003.09.01"]
[EventType "swiss"]
[EventRounds "5"]
[EventCountry "CAN"]

1. Nf3 d5 2. c4 e6 3. g3 c6 4. b3 f5 5. Bg2 Nf6 6. O-O d4 7. Bb2 c5 8. d3 Nc6
9. e3 dxe3 10. fxe3 Be7 11. Nc3 O-O 12. Na4 Qc7 13. d4 Rd8 14. Qe2 Ne4 15. Rad1
Bd7 16. Nd2 Nb4 17. Nxe4 Bxa4 18. bxa4 fxe4 19. Bxe4 Bg5 20. a3 Nc6 21. d5 exd5
22. Bxd5+ Kh8 23. Rf7 Qb6 24. Bxg7+ Kg8 25. Rd7# 1-0

[Event "Alekhine"]
[Site "Charlesbourg CAN"]
[Date "2003.09.22"]
[Round "4"]
[White "Beaudoin, Stephane"]
[Black "Caire, Francois"]
[Result "0-1"]
[WhiteElo "2016"]
[BlackElo "2101"]
[PlyCount "120"]
[EventDate "2003.09.01"]
[EventType "swiss"]
[EventRounds "5"]
[EventCountry "CAN"]

1. e4 c5 2. Nf3 Nc6 3. d4 cxd4 4. Nxd4 Nf6 5. Nc3 e5 6. Ndb5 d6 7. Nd5 Nxd5 8.
exd5 Ne7 9. c3 Nf5 10. Bd3 a6 11. Na3 g6 12. O-O Bg7 13. Qa4+ Bd7 14. Qb4 b5
15. Nc2 a5 16. Qe4 Ne7 17. Qe2 Rb8 18. f4 Nxd5 19. fxe5 Bxe5 20. Nd4 O-O 21.
Nf3 Nf4 22. Qc2 Qb6+ 23. Kh1 Nxd3 24. Qxd3 Bf5 25. Qd5 Be6 26. Qe4 Bg7 27. Be3
Qb7 28. Qh4 Bc4 29. Rfe1 Bd5 30. Rf1 Bc4 31. Rf2 Rfe8 32. Bd4 Qe4 33. Qxe4 Rxe4
34. Bxg7 Kxg7 35. Rd2 Re2 36. Rxe2 Bxe2 37. Nd4 Bc4 38. Kg1 Bd5 39. a3 Be4 40.
Kf2 b4 41. cxb4 axb4 42. a4 Ra8 43. a5 Kf6 44. a6 Ke5 45. Ke3 Bxg2 46. Ra5+ Kf6
47. Nc2 Re8+ 48. Kd2 Re5 49. Ra4 Rh5 50. Ne3 Ba8 51. Kd3 Ke6 52. Rxb4 Ra5 53.
Rb6 f5 54. Rxd6+ Kxd6 55. Nc4+ Kc5 56. Nxa5 Kb5 57. Nc4 Kxa6 58. h4 Kb5 59. Ne5
Kc5 60. Ke3 Bd5 0-1

[Event "Alekhine"]
[Site "Charlesbourg CAN"]
[Date "2003.09.22"]
[Round "4"]
[White "Boissinot, Claude"]
[Black "Sauve, Richard"]
[Result "0-1"]
[WhiteElo "1569"]
[BlackElo "1907"]
[PlyCount "86"]
[EventDate "2003.09.01"]
[EventType "swiss"]
[EventRounds "5"]
[EventCountry "CAN"]

1. e4 e6 2. d4 d5 3. Nc3 Nf6 4. e5 Nfd7 5. f4 c5 6. Nf3 Nc6 7. Be3 cxd4 8. Nxd4
Bc5 9. Bb5 Nxd4 10. Bxd4 Qb6 11. Bxc5 Qxc5 12. Qd2 O-O 13. O-O-O a6 14. Bd3 b5
15. Qe2 Rd8 16. Rhf1 Nf8 17. g4 b4 18. Nb1 a5 19. f5 a4 20. f6 g6 21. Qd2 Nd7
22. h4 Nxe5 23. Qg5 Nxd3+ 24. Rxd3 Ba6 25. Rdf3 Bxf1 26. Rxf1 Rac8 27. c3 bxc3
28. bxc3 d4 29. Qh6 Qf8 30. Qf4 h6 31. Rg1 Rd5 32. Rg2 a3 33. Rc2 e5 34. Qe4
Qd6 35. c4 Ra5 36. g5 h5 37. Qd3 Qc6 38. Qd1 Rd8 39. Qe1 Raa8 40. Qf1 e4 41.
Qf4 e3 42. Qh2 d3 43. Rc3 d2+ 0-1

[Event "Alekhine"]
[Site "Charlesbourg CAN"]
[Date "2003.09.22"]
[Round "4"]
[White "Bonneau, Daniel"]
[Black "Bluteau, Yvon"]
[Result "0-1"]
[WhiteElo "2042"]
[BlackElo "1602"]
[PlyCount "117"]
[EventDate "2003.09.01"]
[EventType "swiss"]
[EventRounds "5"]
[EventCountry "CAN"]

1. d4 Nf6 2. c4 e6 3. Nf3 b6 4. g3 Bb7 5. Bg2 Bb4+ 6. Bd2 Bxd2+ 7. Qxd2 Ne4 8.
Qc2 O-O 9. O-O f5 10. Nc3 d5 11. Ne5 Nd7 12. Rad1 c6 13. Nxd7 Qxd7 14. Nxe4
fxe4 15. f3 exf3 16. exf3 a5 17. c5 b5 18. Rfe1 Rae8 19. Re5 Rf5 20. Rde1 Rxe5
21. Rxe5 Qf7 22. Qe2 Bc8 23. f4 Bd7 24. Bh3 g6 25. a4 bxa4 26. Qa6 h5 27. Qxa5
h4 28. Qxa4 hxg3 29. hxg3 Qh7 30. Bg2 Kf7 31. Qc2 Ra8 32. Re1 Qg7 33. Qd3 Ra4
34. Re5 Ra1+ 35. Kf2 Qh6 36. Rg5 Qg7 37. Bf3 Qh6 38. Bg2 Be8 39. Re5 Kf6 40.
Qe2 Bf7 41. Qg4 Qh2 42. Qh4+ Qxh4 43. gxh4 Rd1 44. Ke3 Rb1 45. Kd3 Rxb2 46. Re2
Rb3+ 47. Kd2 Kf5 48. Kc2 Rg3 49. Kd2 Kg4 50. Ke1 Kxh4 51. Kf2 Rd3 52. Rb2 Rxd4
53. Rb7 Rxf4+ 54. Ke3 g5 55. Rc7 Kg3 56. Bh1 Rf1 57. Ke2 Rxh1 58. Rxf7 g4 59.
Rc7 0-1

[Event "Alekhine"]
[Site "Charlesbourg CAN"]
[Date "2003.09.22"]
[Round "4"]
[White "Plante, Rejean"]
[Black "Lapierre, Gaetan"]
[Result "1-0"]
[WhiteElo "2115"]
[BlackElo "1855"]
[PlyCount "79"]
[EventDate "2003.09.01"]
[EventType "swiss"]
[EventRounds "5"]
[EventCountry "CAN"]

1. c4 Nf6 2. Nf3 g6 3. d4 Bg7 4. Nc3 O-O 5. e4 d6 6. h3 Nc6 7. Bg5 h6 8. Be3 e5
9. d5 Ne7 10. Qd2 Kh7 11. g4 Ne8 12. Bd3 c5 13. Rg1 a6 14. O-O-O Bd7 15. Kb1
Qa5 16. Ne2 Qxd2 17. Nxd2 b5 18. Nb3 bxc4 19. Bxc4 Bb5 20. Na5 f5 21. f3 fxe4
22. fxe4 Nf6 23. Nc3 Nc8 24. a4 Bd7 25. Be2 Nb6 26. b3 g5 27. Ka2 Ng8 28. Rgf1
Ne7 29. Nb7 Nec8 30. a5 Ra7 31. Nxd6 Rxf1 32. Rxf1 Nxd6 33. axb6 Rb7 34. Bxc5
Nb5 35. Nxb5 axb5 36. Ka3 h5 37. Kb4 hxg4 38. Bxg4 Be8 39. Bc8 Rb8 40. b7 1-0

[Event "Alekhine"]
[Site "Charlesbourg CAN"]
[Date "2003.09.29"]
[Round "5"]
[White "Caire, Francois"]
[Black "Plante, Rejean"]
[Result "0-1"]
[WhiteElo "2101"]
[BlackElo "2115"]
[PlyCount "96"]
[EventDate "2003.09.01"]
[EventType "swiss"]
[EventRounds "5"]
[EventCountry "CAN"]

1. d4 d5 2. Nf3 e6 3. c4 c6 4. Qc2 f5 5. g3 Nf6 6. Bg2 Bd6 7. O-O O-O 8. b3 Qe7
9. Bb2 Ne4 10. Nbd2 Nd7 11. Ne5 Ndf6 12. f3 Ng5 13. e4 dxe4 14. fxe4 Bxe5 15.
dxe5 Qc5+ 16. Kh1 Ng4 17. Qd3 Qe3 18. Qxe3 Nxe3 19. Rf2 Ng4 20. Rf4 Rd8 21. Nf1
Nf7 22. exf5 exf5 23. Bh3 g5 24. Rd4 Rxd4 25. Bxd4 Nfxe5 26. Bxg4 Nxg4 27. Re1
Kf7 28. h3 Nf6 29. Bxf6 Kxf6 30. Re8 b5 31. Rh8 bxc4 32. bxc4 c5 33. Rxh7 Be6
34. Ne3 Rd8 35. Nd5+ Bxd5+ 36. cxd5 Rxd5 37. Rxa7 Ke5 38. Kg2 Ke4 39. Re7+ Kd3
40. h4 gxh4 41. gxh4 c4 42. Kf3 c3 43. h5 c2 44. Rc7 Kd2 45. h6 c1=Q 46. Rxc1
Kxc1 47. Kf4 Rd6 48. Kg5 Rxh6 0-1

[Event "Alekhine"]
[Site "Charlesbourg CAN"]
[Date "2003.09.29"]
[Round "5"]
[White "Lapierre, Gaetan"]
[Black "Beaudoin, Stephane"]
[Result "1/2-1/2"]
[WhiteElo "1855"]
[BlackElo "2016"]
[PlyCount "82"]
[EventDate "2003.09.01"]
[EventType "swiss"]
[EventRounds "5"]
[EventCountry "CAN"]

1. Nf3 g6 2. c4 Bg7 3. d4 Nf6 4. Nc3 O-O 5. g3 c5 6. Bg2 cxd4 7. Nxd4 Nc6 8.
Nc2 Qa5 9. Bd2 Qh5 10. e4 d6 11. Qxh5 Nxh5 12. b3 Bd7 13. O-O Rac8 14. Rad1
Rfd8 15. Ne2 a5 16. a4 Ne5 17. Bxa5 Re8 18. Ncd4 Nf6 19. h3 Nc6 20. Bc3 Ne5 21.
f4 Nxc4 22. bxc4 Bxa4 23. Rb1 Rxc4 24. Rxb7 e5 25. fxe5 dxe5 26. Nb5 Bxb5 27.
Rxb5 Nxe4 28. Bb4 Bh6 29. Bxe4 Rxe4 30. Nc3 Rc4 31. Nd5 Bg5 32. Bd2 Bxd2 33.
Nf6+ Kf8 34. Nxe8 Kxe8 35. Rb8+ Ke7 36. Rb7+ Ke6 37. Rfxf7 Be3+ 38. Kf1 Rc2 39.
Rxh7 Rf2+ 40. Ke1 Rg2 41. g4 Kd5 1/2-1/2

[Event "Alekhine"]
[Site "Charlesbourg CAN"]
[Date "2003.09.29"]
[Round "5"]
[White "Sauve, Richard"]
[Black "Cote, Jocelyn"]
[Result "1-0"]
[WhiteElo "1907"]
[BlackElo "1849"]
[PlyCount "67"]
[EventDate "2003.09.01"]
[EventType "swiss"]
[EventRounds "5"]
[EventCountry "CAN"]

1. d4 Nf6 2. c4 g6 3. Nc3 Bg7 4. e4 d6 5. f3 O-O 6. Be3 Nc6 7. Qd2 e5 8. d5 Ne7
9. g4 c5 10. O-O-O Kh8 11. h4 h5 12. gxh5 Nxh5 13. Nge2 a6 14. Bh3 b5 15. Bxc8
Qxc8 16. Rdg1 Ng8 17. Ng3 Ngf6 18. Nce2 Rg8 19. Nxh5 Nxh5 20. Ng3 f6 21. Nxh5
gxh5 22. Rg6 Kh7 23. Rhg1 Ra7 24. Bh6 Qf8 25. Bxg7 Rgxg7 26. Qh6+ Kg8 27. Qxh5
bxc4 28. Qf5 Rxg6 29. Rxg6+ Rg7 30. Rxf6 Rg1+ 31. Kc2 Rg2+ 32. Kc3 Qb8 33. Qe6+
Kh8 34. Rh6+ 1-0

[Event "Art Skeel mem"]
[Site "Edmonton CAN"]
[Date "2003.06.05"]
[Round "1"]
[White "Palcic, Branko"]
[Black "Wihnon, Jason"]
[Result "0-1"]
[WhiteElo "1455"]
[BlackElo "1796"]
[PlyCount "36"]
[EventDate "2003.06.05"]
[EventType "swiss"]
[EventRounds "4"]
[EventCountry "CAN"]

1. c4 Nf6 2. d4 g6 3. Nf3 Bg7 4. Nc3 d5 5. e3 O-O 6. cxd5 Nxd5 7. Nxd5 Qxd5 8.
Be2 c5 9. dxc5 Qxc5 10. Rb1 Qa5+ 11. b4 Qxa2 12. Bd2 Bf5 13. Rc1 Bb2 14. Rc7
Na6 15. Bc4 Qa3 16. Rxb7 Rac8 17. Qb3 Rxc4 18. Qxc4 Bd3 0-1

[Event "Art Skeel mem"]
[Site "Edmonton CAN"]
[Date "2003.06.05"]
[Round "1"]
[White "Smith, Kevin"]
[Black "Hughey, Micah"]
[Result "0-1"]
[WhiteElo "1528"]
[BlackElo "2117"]
[PlyCount "96"]
[EventDate "2003.06.05"]
[EventType "swiss"]
[EventRounds "4"]
[EventCountry "CAN"]

1. d4 d5 2. c4 e6 3. Nf3 c5 4. e3 Nf6 5. Nc3 Nc6 6. Bd3 dxc4 7. Bxc4 Be7 8.
dxc5 Qxd1+ 9. Kxd1 Bxc5 10. b3 a6 11. a4 Na5 12. Ne5 Bd6 13. Nd3 Bd7 14. Nb2
Rc8 15. Bd2 Be5 16. Rc1 O-O 17. Ke2 b5 18. axb5 axb5 19. Bxb5 Rxc3 20. Bxd7
Rxc1 21. Rxc1 Bxb2 22. Rb1 Nxd7 23. Rxb2 Nc6 24. b4 Rb8 25. f3 Kf8 26. Bc3 Nb6
27. Rb1 Nd5 28. Bd2 Ndxb4 29. Bxb4+ Rxb4 30. Rc1 Rb2+ 31. Kf1 Ne5 32. Kg1 Ke7
33. h3 Kf6 34. Ra1 Nc4 35. Re1 Nd2 36. Kf2 Ne4+ 37. Kg1 Nc3 38. Kf1 Rb1 39.
Rxb1 Nxb1 40. Ke2 Nc3+ 41. Kd3 Nd5 42. Ke4 h5 43. g4 h4 44. f4 g5 45. Kf3 Kg6
46. e4 Nxf4 47. Kf2 Nxh3+ 48. Kg2 f5 0-1

[Event "Art Skeel mem"]
[Site "Edmonton CAN"]
[Date "2003.06.12"]
[Round "2"]
[White "Hughey, Micah"]
[Black "Beebe, Greg"]
[Result "1-0"]
[WhiteElo "2117"]
[BlackElo "1747"]
[PlyCount "73"]
[EventDate "2003.06.05"]
[EventType "swiss"]
[EventRounds "4"]
[EventCountry "CAN"]

1. e4 e5 2. Nf3 Nf6 3. Nc3 d6 4. Bc4 Be7 5. d4 exd4 6. Nxd4 O-O 7. O-O Re8 8.
Re1 Bd7 9. f4 Nc6 10. Be3 Bf8 11. Kh1 Nxe4 12. Nxe4 Rxe4 13. Bxf7+ Kh8 14. Bd5
Re8 15. Qf3 Nxd4 16. Bxd4 c6 17. Be4 Qh4 18. Bf2 Qg4 19. c4 a6 20. Bb6 Qxf3 21.
Bxf3 Rxe1+ 22. Rxe1 Re8 23. Rd1 Be6 24. b3 Rc8 25. h3 Kg8 26. Kh2 Kf7 27. g4 g6
28. Kg3 Be7 29. h4 Bd8 30. Bf2 Be7 31. Bb6 Bd8 32. Bd4 Be7 33. Re1 Rd8 34. Bb6
Rd7 35. g5 d5 36. Rxe6 Kxe6 37. Bg4+ 1-0

[Event "Art Skeel mem"]
[Site "Edmonton CAN"]
[Date "2003.06.12"]
[Round "2"]
[White "Wihnon, Jason"]
[Black "Redelinghuys, Andre"]
[Result "1-0"]
[WhiteElo "1796"]
[BlackElo "1222"]
[PlyCount "60"]
[EventDate "2003.06.05"]
[EventType "swiss"]
[EventRounds "4"]
[EventCountry "CAN"]

1. e4 e5 2. Nf3 Nc6 3. Bb5 Nge7 4. d4 exd4 5. Nxd4 a6 6. Ba4 Ng6 7. Nxc6 bxc6
8. O-O Bb7 9. Nc3 Bd6 10. Qf3 O-O 11. Be3 Ne5 12. Qe2 a5 13. Rfd1 Ba6 14. Qh5
Bc4 15. f4 Ng6 16. e5 Qe7 17. Ne4 Nxe5 18. Nxd6 cxd6 19. fxe5 dxe5 20. Bb3 Be6
21. Bxe6 Qxe6 22. Bc5 Rfe8 23. b3 a4 24. Rd6 Qe7 25. Rxc6 dxc6 26. Bxe7 Rxe7
27. Qh4 Re6 28. Rd1 f6 29. Qc4 Kf7 30. Rd7+ Kg6 1-0

[Event "Art Skeel mem"]
[Site "Edmonton CAN"]
[Date "2003.06.19"]
[Round "3"]
[White "Regimbald, Adrien"]
[Black "Hughey, Micah"]
[Result "1/2-1/2"]
[WhiteElo "1832"]
[BlackElo "2143"]
[PlyCount "44"]
[EventDate "2003.06.05"]
[EventType "swiss"]
[EventRounds "4"]
[EventCountry "CAN"]

1. c4 e6 2. g3 d5 3. Bg2 Nf6 4. b3 dxc4 5. Bb2 cxb3 6. Qxb3 c6 7. Nf3 Be7 8.
O-O O-O 9. d3 Nbd7 10. Nbd2 Qb6 11. Qc2 Qc5 12. Nc4 Qh5 13. Rab1 Nd5 14. Ba1 f6
15. a4 Rb8 16. a5 Qf7 17. Rfc1 c5 18. Nfd2 b5 19. axb6 axb6 20. Qa4 Nb4 21. Qa7
Rd8 22. Bc3 Nd5 1/2-1/2

[Event "Art Skeel mem"]
[Site "Edmonton CAN"]
[Date "2003.06.19"]
[Round "3"]
[White "Wihnon, Jason"]
[Black "Dean, Tim"]
[Result "1-0"]
[WhiteElo "1811"]
[BlackElo "1714"]
[PlyCount "113"]
[EventDate "2003.06.05"]
[EventType "swiss"]
[EventRounds "4"]
[EventCountry "CAN"]

1. e4 e5 2. Nf3 Nc6 3. Bb5 a6 4. Bxc6 dxc6 5. O-O Bg4 6. h3 h5 7. d3 Bc5 8.
Nbd2 Qe7 9. Nc4 Bxf3 10. Qxf3 O-O-O 11. Qf5+ Kb8 12. Qxe5 f6 13. Qxe7 Nxe7 14.
Be3 Bxe3 15. Nxe3 c5 16. f4 Nc6 17. Rfe1 Rhe8 18. Rad1 Nd4 19. c3 Nc6 20. Nd5
Ne7 21. Nxe7 Rxe7 22. f5 Red7 23. Re3 c4 24. d4 c5 25. d5 Kc7 26. Kf2 Kd6 27.
Kg3 Rg8 28. Kf4 g5+ 29. fxg6 Rxg6 30. Rg3 Rxg3 31. Kxg3 Ke5 32. Kf3 b5 33. d6
h4 34. Rd5+ Ke6 35. Rxc5 Rxd6 36. Rd5 Rb6 37. Rd4 Rb7 38. a3 Rg7 39. e5 Rg3+
40. Kf2 Kxe5 41. Rxh4 Rd3 42. Ke2 Rg3 43. Kf2 Rd3 44. Rd4 Rxd4 45. cxd4+ Kxd4
46. h4 f5 47. Kf3 Ke5 48. g4 fxg4+ 49. Kxg4 Kf6 50. Kf4 a5 51. Ke4 b4 52. a4
Kg6 53. Kd4 c3 54. bxc3 b3 55. Kd3 Kh5 56. c4 Kxh4 57. c5 1-0

[Event "Art Skeel mem"]
[Site "Edmonton CAN"]
[Date "2003.06.26"]
[Round "4"]
[White "Hughey, Micah"]
[Black "Wihnon, Jason"]
[Result "1-0"]
[WhiteElo "2143"]
[BlackElo "1811"]
[PlyCount "77"]
[EventDate "2003.06.05"]
[EventType "swiss"]
[EventRounds "4"]
[EventCountry "CAN"]

1. e4 c5 2. c3 d5 3. exd5 Qxd5 4. d4 Nf6 5. Nf3 Bg4 6. Be3 cxd4 7. cxd4 e6 8.
Nc3 Bb4 9. Qa4+ Nc6 10. Ne5 O-O 11. Qxb4 Nxb4 12. Nxd5 exd5 13. Nxg4 Nxg4 14.
Kd2 Rfe8 15. Bb5 Nc6 16. Rac1 Nxe3 17. fxe3 Rac8 18. Rc5 a6 19. Bxc6 bxc6 20.
Rhc1 Re6 21. b4 Rce8 22. R1c3 Rg6 23. g3 Rh6 24. h4 Rg6 25. Rxc6 Rxg3 26. Rxa6
g5 27. hxg5 Rxg5 28. b5 h5 29. b6 Rb8 30. Rb3 Rg6 31. a4 h4 32. Rb1 h3 33. a5
h2 34. Rh1 Rg2+ 35. Kd3 Kf8 36. Ra7 Rb2 37. Rc7 Kg7 38. Kc3 Rb5 39. Rc5 1-0

[Event "Art Skeel mem"]
[Site "Edmonton CAN"]
[Date "2003.06.26"]
[Round "4"]
[White "Rekhson, Vladislav"]
[Black "Pua, Richard"]
[Result "1-0"]
[WhiteElo "1873"]
[BlackElo "1657"]
[PlyCount "63"]
[EventDate "2003.06.05"]
[EventType "swiss"]
[EventRounds "4"]
[EventCountry "CAN"]

1. e4 e5 2. Nf3 Nf6 3. Nxe5 d6 4. Nf3 Nxe4 5. d4 d5 6. Bd3 Bd6 7. O-O O-O 8. c4
c6 9. Re1 Bg4 10. Bxe4 dxe4 11. Rxe4 f5 12. Re1 Qf6 13. c5 Bc7 14. Qb3+ Kh8 15.
Qxb7 Na6 16. Ne5 Rad8 17. Qxa6 Rxd4 18. Nxg4 Rxg4 19. Nc3 Qh4 20. Qxc6 Qxh2+
21. Kf1 Qh1+ 22. Ke2 Qh5 23. Be3 Rxg2+ 24. Kd2 Rd8+ 25. Kc2 f4 26. Qxg2 fxe3
27. Rxe3 Qf5+ 28. Qe4 Qxf2+ 29. Re2 Qxc5 30. Qe8+ Qf8 31. Qxf8+ Rxf8 32. Rae1
1-0

[Event "Art Skeel mem"]
[Site "Edmonton CAN"]
[Date "2003.06.26"]
[Round "4"]
[White "Stark, Mark"]
[Black "Regimbald, Adrien"]
[Result "1/2-1/2"]
[WhiteElo "1826"]
[BlackElo "1832"]
[PlyCount "63"]
[EventDate "2003.06.05"]
[EventType "swiss"]
[EventRounds "4"]
[EventCountry "CAN"]
[SourceDate "2003.08.17"]

1. d4 Nf6 2. c4 e6 3. Nf3 Bb4+ 4. Nbd2 O-O 5. a3 Bxd2+ 6. Nxd2 d5 7. e3 b6 8.
Bd3 Bb7 9. O-O Nbd7 10. b4 c5 11. bxc5 bxc5 12. cxd5 exd5 13. dxc5 Nxc5 14. Bf5
d4 15. exd4 Qxd4 16. Rb1 Ba6 17. Nf3 Qc4 18. Re1 Nd3 19. Bxd3 Qxd3 20. Qxd3
Bxd3 21. Rb3 Bc4 22. Rc3 Bd5 23. h3 Rfe8 24. Rxe8+ Rxe8 25. Bg5 Ne4 26. Re3 h6
27. Bf4 Rc8 28. Rd3 Nf6 29. Be5 Bc4 30. Rd4 Be2 31. Rd2 Bc4 32. Rd4 1/2-1/2

[Event "August TNT"]
[Site "Winnipeg CAN"]
[Date "2003.08.05"]
[Round "1"]
[White "Anderson, George"]
[Black "Cleto, Sam"]
[Result "0-1"]
[WhiteElo "1503"]
[BlackElo "1855"]
[PlyCount "113"]
[EventDate "2003.08.05"]
[EventType "swiss"]
[EventRounds "4"]
[EventCountry "CAN"]

1. f4 g6 2. d4 d5 3. Nf3 Bg7 4. g3 Nf6 5. Bg2 O-O 6. O-O b6 7. c3 Bb7 8. Ne5 c5
9. Nd2 Nbd7 10. Ndf3 Ne4 11. Nxd7 Qxd7 12. Ne5 Qd8 13. Bxe4 dxe4 14. dxc5 bxc5
15. Be3 Bxe5 16. fxe5 Qc7 17. Bf4 Qb6 18. e3 Rad8 19. Qb3 Rd2 20. Bh6 Qxb3 21.
axb3 Ra8 22. Rf2 Rxf2 23. Kxf2 a5 24. Rd1 Bc6 25. c4 Rb8 26. Ke2 a4 27. b4 cxb4
28. Kd2 Rd8+ 29. Kc2 b3+ 30. Kc1 Rxd1+ 31. Kxd1 Bd7 32. Kd2 Bc6 33. Kc3 e6 34.
h3 f6 35. exf6 Kf7 36. Bf4 Kxf6 37. Bd6 h5 38. Kd4 Kf5 39. Bb4 Bd7 40. Kc5 Ke5
41. Bc3+ Kf5 42. Kd6 Bc8 43. c5 e5 44. Kc7 Ba6 45. Kd7 Bf1 46. c6 Bxh3 47. Kd8
Kg4 48. Bxe5 Kf3 49. c7 Kxe3 50. c8=Q Bxc8 51. Kxc8 Kf3 52. Kd7 e3 53. Ke6 e2
54. Bc3 Kf2 55. Kf6 e1=Q 56. Bxe1+ Kxe1 57. Kxg6 0-1

[Event "August TNT"]
[Site "Winnipeg CAN"]
[Date "2003.08.05"]
[Round "1"]
[White "Greenberg, Harley"]
[Black "Taylor, Jasper"]
[Result "1-0"]
[WhiteElo "1837"]
[BlackElo "1440"]
[PlyCount "53"]
[EventDate "2003.08.05"]
[EventType "swiss"]
[EventRounds "4"]
[EventCountry "CAN"]

1. d4 d5 2. c4 c6 3. Nc3 e6 4. g3 Nf6 5. Bg2 Be7 6. Nf3 O-O 7. O-O Nbd7 8. Qc2
Qc7 9. Re1 dxc4 10. a4 e5 11. e4 exd4 12. Nxd4 Ne5 13. Bf4 Bd6 14. Bxe5 Bxe5
15. Rad1 Bxd4 16. Rxd4 Be6 17. e5 Ng4 18. Qe2 Nh6 19. Qh5 Nf5 20. Rf4 Ne7 21.
Ne4 h6 22. Nf6+ Kh8 23. Be4 Rad8 24. Rh4 Rd4 25. Qxh6+ gxh6 26. Rxh6+ Kg7 27.
Rh7# 1-0

[Event "August TNT"]
[Site "Winnipeg CAN"]
[Date "2003.08.05"]
[Round "1"]
[White "Hogeveen Rutter, Alexander"]
[Black "Vincent, Trevor"]
[Result "1/2-1/2"]
[WhiteElo "1661"]
[BlackElo "2023"]
[PlyCount "91"]
[EventDate "2003.08.05"]
[EventType "swiss"]
[EventRounds "4"]
[EventCountry "CAN"]

1. e4 c5 2. Nf3 Nc6 3. d4 cxd4 4. Nxd4 g6 5. Nc3 Bg7 6. Be3 Nf6 7. f3 O-O 8.
Qd2 d5 9. O-O-O Nxd4 10. Bxd4 dxe4 11. Bxf6 Qxd2+ 12. Kxd2 Bxf6 13. fxe4 Rd8+
14. Ke3 Rxd1 15. Nxd1 Be6 16. b3 Rc8 17. Bd3 b5 18. Nf2 a5 19. h3 h5 20. Kd2 b4
21. Ke2 a4 22. Kf3 axb3 23. axb3 Rc3 24. Rb1 Rc5 25. Rf1 Kg7 26. g4 Bd4 27.
gxh5 Rxh5 28. Rh1 Bxf2 29. Kxf2 Rxh3 30. Rxh3 Bxh3 31. Ke3 e5 32. Be2 f5 33.
Kd3 g5 34. exf5 Bxf5+ 35. Kc4 Bxc2 36. Kxb4 Kf6 37. Kc4 Kf5 38. b4 Be4 39. Kc3
g4 40. Kd2 g3 41. Ke3 Bb7 42. Bf3 e4 43. Bg2 Kg4 44. b5 Kf5 45. b6 Ke5 46. Bf1
1/2-1/2

[Event "August TNT"]
[Site "Winnipeg CAN"]
[Date "2003.08.05"]
[Round "1"]
[White "Lauritson, Jim"]
[Black "Milord, Frank"]
[Result "1-0"]
[WhiteElo "1895"]
[BlackElo "1567"]
[PlyCount "61"]
[EventDate "2003.08.05"]
[EventType "swiss"]
[EventRounds "4"]
[EventCountry "CAN"]

1. e4 c5 2. Nf3 Nc6 3. d4 cxd4 4. Nxd4 Nf6 5. Nc3 e5 6. Ndb5 d6 7. Bg5 a6 8.
Na3 b5 9. Nd5 Qa5+ 10. Bd2 Qd8 11. Bd3 Be6 12. Nxf6+ Qxf6 13. O-O Qg6 14. Kh1
Be7 15. Qe2 O-O 16. c3 Bg5 17. Nc2 Rab8 18. Ne3 b4 19. cxb4 Bxe3 20. Qxe3 Nxb4
21. Bxb4 Rxb4 22. b3 Rfb8 23. f3 a5 24. Qa7 a4 25. bxa4 d5 26. Rab1 Rxb1 27.
Rxb1 Rxb1+ 28. Bxb1 h6 29. a5 Qg5 30. exd5 Bxd5 31. Qb8+ 1-0

[Event "August TNT"]
[Site "Winnipeg CAN"]
[Date "2003.08.05"]
[Round "1"]
[White "Nikouline, Alexandre"]
[Black "Zaczek, Jonathan"]
[Result "1-0"]
[WhiteElo "1993"]
[BlackElo "1642"]
[PlyCount "44"]
[EventDate "2003.08.05"]
[EventType "swiss"]
[EventRounds "4"]
[EventCountry "CAN"]

1. e4 c5 2. Nf3 d6 3. d4 cxd4 4. Nxd4 Nf6 5. Nc3 a6 6. Bg5 e6 7. f4 Qb6 8. Qd2
Qxb2 9. Rb1 Qa3 10. Nb3 Nc6 11. Bxf6 gxf6 12. Be2 h5 13. O-O Qb4 14. Qe3 d5 15.
exd5 Ne7 16. Nd4 Qc5 17. Ne4 Nxd5 18. Qd2 Qc7 19. c4 Nb6 20. Nxf6+ Ke7 21. f5
e5 22. Rxb6 exd4 1-0

[Event "August TNT"]
[Site "Winnipeg CAN"]
[Date "2003.08.05"]
[Round "1"]
[White "Rutter, Blair"]
[Black "Gibbons, Lorne"]
[Result "1-0"]
[WhiteElo "1730"]
[BlackElo "1304"]
[PlyCount "71"]
[EventDate "2003.08.05"]
[EventType "swiss"]
[EventRounds "4"]
[EventCountry "CAN"]

1. d4 d5 2. c4 e6 3. a3 Nf6 4. Nc3 Nbd7 5. Nf3 g6 6. h3 Bg7 7. Bf4 a6 8. e3 O-O
9. Be2 dxc4 10. Bxc4 b5 11. Be2 Bb7 12. O-O Re8 13. Rc1 Nf8 14. Rc2 Rc8 15. Bg5
h6 16. Bh4 g5 17. Bg3 N6h7 18. Bd3 Re7 19. Nh2 Rd7 20. Ng4 c5 21. Ne5 Bxe5 22.
Bxe5 f6 23. Bg3 cxd4 24. exd4 Rxd4 25. Rd2 Kg7 26. Re1 e5 27. Rxe5 fxe5 28.
Bxe5+ Nf6 29. Bxd4 Qxd4 30. Be4 Qb6 31. Rd6 Qc7 32. Qd4 N8d7 33. Bf5 Kf7 34.
Bxd7 Rd8 35. Qxf6+ Kg8 36. Be6+ 1-0